000 00683nam a2200277Ia 4500
001 Z_5334
003 CHAP
008 220113s2004 xx 000 0 und d
010 _a168401
020 _a968-23-2225-1
040 _cCHAP
082 _a500.18 B8 2004
100 _aBunge, Mario
_9140458
245 _aLa investigación cinetífica su estrategia y su filosofía /
_cpor Mario Bunge
250 _a3 ed.
260 _aMéxico :
_bSiglo XXI,
_c2004
300 _a805 p.
503 _ac/e
650 _aCiencia
_xMetodologíaCiencia y filsofía
_9142697
901 _a500.18 B8 2004
902 _aA
910 _a2004
942 _c1
942 _cc1
999 _c168401
_d168401